| 000 | 01299nam0a22002891 4500 | ||
|---|---|---|---|
| 001 | rc\3669475 | ||
| 005 | 20130115150955.5 | ||
| 021 |
_aRU _b[69-85568] |
||
| 035 | _a(NLR Aleph) 007841058 | ||
| 090 |
_a9805070 _c9805070 |
||
| 100 | _a20130115d1969 |||y0rusy50 ca | ||
| 101 | 0 | _arus | |
| 102 | _aRU | ||
| 105 | _ay z ||||| | ||
| 200 | 1 |
_aПути повышения эффективности обучения биологии в вечерней школе _e(Метод. рекомендации) _fАкад. пед. наук СССР. Науч.-исслед. ин-т вечерних (сменных) и заоч. школ |
|
| 210 |
_aЛенинград _cБ. и. _d1969 |
||
| 215 |
_a90 с. _d21 |
||
| 300 | _aПеред загл. авт.: О.В. Казакова, Л.С. Короткова, Е.В. Першанина | ||
| 606 |
_aБиология _xМетодика преподавания в школах рабочей и сельской молодежи _2psbo |
||
| 700 | 1 |
_aКазакова _bО. В. _gОльга Васильевна |
|
| 701 | 1 |
_aКороткова _bЛ. С. _f1928- _gЛюдмила Сергеевна |
|
| 701 | 1 |
_aПершанина _bЕ. В. |
|
| 801 | 0 |
_aRU _bNLR _gpsbo |
|
| 801 | 1 |
_aRU _bELAR _2rusmarc |
|
| 852 |
_aNLR _j69-6/10324 |
||
| 942 | _cBOOK | ||
| 980 | _aNB | ||